00337nam a2200121Ia 4500008004100000041000800041082001700049100002300066245004500089260004100134300002900175365001100204240624s9999 xx 000 0 und d aeng a658.4022 BEL aBELLINGHAM RICHARD aMANAGER S GUIDE TO CORPORATE CULTURE CHA c2003aMumbaibJaico Publishing House av, : 193 : p. : cm. ; 18 cRSb30